| 000 | 00868nam a22002297a 4500 | ||
|---|---|---|---|
| 999 |
_c20610 _d20610 |
||
| 003 | AR-CdUCM | ||
| 008 | 190531b ||||| |||| 00| 0 spa d | ||
| 040 |
_aMUNICIPALIDAD PROVINCIAL DEL CUSCO _cBIBLIOTECA MUNICIPAL DEL CUSCO |
||
| 082 |
_a985.004 / _bG73 |
||
| 100 |
_aGorriti Delgadillo, Renan _943073 |
||
| 245 |
_aPerú misterioso : _bImagen de un país desconocido / |
||
| 260 |
_aPerú : _bA&B, _c1994. |
||
| 300 |
_a538 páginas ; _bFotos a color y fotos a b/n, _c30 cm. |
||
| 500 | _aLibro reempastado | ||
| 505 | _aContenido : Turismo, alternativa peruana -- El Perú -- Costumbres peruanas -- La costa peruana... | ||
| 650 |
_aCreencias peruanas _943074 |
||
| 650 |
_aLas regiones naturales _943075 |
||
| 650 |
_aCanciones populares _917990 |
||
| 700 |
_aArias Vera, Luis; Loayza, Wilfredo y Ugaz, Julio _943076 |
||
| 942 |
_2ddc _cLIBROS |
||
| 945 | _aandy | ||